[Event "Quebec-ch qual U1200"]
[Site "Montreal"]
[Date "2005.10.08"]
[Round "2"]
[White "Dubois, Mathieu"]
[Black "Levesque, Jean Luc"]
[Result "0-1"]
[WhiteElo "1189"]
[BlackElo "1012"]
[PlyCount "94"]
[EventDate "2005.10.08"]
[EventType "swiss"]
[EventRounds "3"]
[EventCountry "CAN"]
[SourceTitle "EXT 2009"]
[Source "ChessBase"]
[SourceDate "2008.11.26"]
[SourceVersion "1"]
[SourceVersionDate "2008.11.26"]
[SourceQuality "1"]

1. c4 Nf6 2. Nc3 g6 3. d4 d5 4. e3 Bg7 5. Nf3 Bg4 6. h3 Bxf3 7. Qxf3 c6 8. cxd5 cxd5 9. Nxd5 Qxd5 10. Be2 0-0 11. Qxd5 Nxd5 12. Bd2 Nc6 13. Rc1 Rac8 14. a3 e5 15. e4 Nf4 16. d5 Nd4 17. Bxf4 exf4 18. Rxc8 Rxc8 19. Bd1 Nc2+ 20. Bxc2 Rxc2 21. 0-0 Bxb2 22. Rd1 Rc1 23. Rxc1 Bxc1 24. a4 Kf8 25. f3 Ke7 26. Kf1 Kd6 27. Ke1 Bb2 28. Kd2 Kc5 29. Kc2 Be5 30. Kb3 a5 31. Ka3 b5 32. axb5 Kxb5 33. Kb3 a4+ 34. Ka3 Bd6+ 35. Ka2 Kb4 36. Kb2 a3+ 37. Ka2 Kc3 38. e5 Bxe5 39. Kxa3 Kc4 40. Ka2 Kxd5 41. Kb1 Kd4 42. Kc1 Ke3 43. Kc2 Kf2 44. Kd3 Kxg2 45. Ke4 h5 46. Kxe5 Kxf3 47. Kf6 Kg3 0-1